<An> Introduction to Convex Polytopes
Saved in:
| Main Author: | |
|---|---|
| Format: | Book |
| Language: | English |
| Published: |
New York
Springer
1983
|
| Edition: | 1. ed. |
| Series: | Graduate Texts in Mathematics
90 |
| Subjects: | |
| Tags: |
No Tags, Be the first to tag this record!
|
MARC
| LEADER | 00000nam a2200000 4500 | ||
|---|---|---|---|
| 001 | c014183 | ||
| 005 | 20221207073734.6 | ||
| 020 | |a 3-540-90722-X | ||
| 041 | 0 | |a eng | |
| 044 | |a US | ||
| 245 | 1 | 0 | |a <An> Introduction to Convex Polytopes |c Arne Brondsted |
| 250 | |a 1. ed. | ||
| 264 | 1 | |a New York |b Springer |c 1983 | |
| 300 | |a 160 s. | ||
| 490 | 1 | |a Graduate Texts in Mathematics |v 90 | |
| 830 | 0 | |a Graduate Texts in Mathematics |v 90 | |
| 610 | 2 | 0 | |a matematika |
| 610 | 2 | 0 | |a matematika aplikovaná |
| 610 | 2 | 0 | |a metódy matematické |
| 100 | 1 | |a Brondsted, Arne | |